000 00555nam a22001577a 4500
003 OSt
005 20150910143656.0
008 150910b xxu||||| |||| 00| 0 eng d
040 _cRUA
082 _aAGR ផង់ 1995 B013 Or.1
100 _9243
_aផង់ ប៉ូលីណា
245 _aសិក្សាការគ្រប់គ្រងនៅស្ថានីយ៍ពិសោធន៍ស្រាវជ្រាវបន្លែក្បាលកោះ
260 _aPhnom Penh
_bRUA
_c1995
300 _a66p.
_bill.
_c29cm.
942 _2ddc
_cAGR
999 _c228
_d228